000 00690nam a22002297a 4500
003 UA-OsUOA
001 44991
007 ta
008 20110921b un ||||| |||| 00| 0 ukr d
090 _a061
_bЗ-80
942 _cBK
040 _aUA-OsUOA
_bukr
_cUA-OsUOA
_dUA-OsUOA
245 _aЗолотий ювілей. Українська федеральна кооперативна каса "Самопоміч"
300 _a65 с.
955 _a1
041 _aukr
080 _a061
260 _c2001
650 7 _a0 Загальний відділ.
_2UDC
999 _c425093
_d425093